क्या ?क्यों ?और कैसे? / (Record no. 52995)

MARC details
000 -LEADER
fixed length control field 01000nam a22002657a 4500
005 - DATE AND TIME OF LATEST TRANSACTION
control field 20080905121451.0
008 - FIXED-LENGTH DATA ELEMENTS--GENERAL INFORMATION
fixed length control field 110608t xxu||||| |||| 00| 0 hin d
010 ## - LCCN (DPL NO)
LC control number HIN-92970
020 ## - INTERNATIONAL STANDARD BOOK NUMBER
Terms of availability 500.00
International Standard Book Number 8185245681
035 ## - SYSTEM CONTROL NUMBER
System control number HN-65316
037 ## - SOURCE OF ACQUISITION
Source of stock number/acquisition DBAD / PUB
040 ## - CATALOGING SOURCE
Original cataloging agency DPL
Language of cataloging HN
082 ## - DEWEY DECIMAL CLASSIFICATION NUMBER
Classification number 920
100 ## - MAIN ENTRY--PERSONAL NAME
9 (RLIN) 28442
Personal name सूद, एम.एस.
245 ## - TITLE STATEMENT
Title क्या ?क्यों ?और कैसे? /
Statement of responsibility, etc एम.एस.सूद
260 ## - PUBLICATION, DISTRIBUTION, ETC. (IMPRINT)
Place of publication, distribution, etc जयपुर
Name of publisher, distributor, etc साक्षी प्रकाशन
Date of publication, distribution, etc 2011
270 ## - ADDRESS
Address 26 शिव वाटिका, मॉडल टाउन सी, मालवीय नगर
City जयपुर
300 ## - PHYSICAL DESCRIPTION
Extent 168पृ
Dimensions 22सेमी (सजिल्द)
500 ## - GENERAL NOTE
General note समान ISBN 9788190530200 शीर्षक मानव में जैविक परिवर्धन
650 ## - SUBJECT ADDED ENTRY--TOPICAL TERM
9 (RLIN) 28443
650 ## - SUBJECT ADDED ENTRY--TOPICAL TERM
9 (RLIN) 28455
700 ## - ADDED ENTRY--PERSONAL NAME
9 (RLIN) 28521
700 ## - ADDED ENTRY--PERSONAL NAME
9 (RLIN) 28536
942 ## - ADDED ENTRY ELEMENTS (KOHA)
Institution code [OBSOLETE] dpl
Item type Hindi Books
Source of classification or shelving scheme Dewey Decimal Classification
Call number suffix सूदए
Classification part 507.8

No items available.


© Delhi Public Library
Hit Counter
free hit counter